Responses for show #5894 - Thursday, April 8, 2010

Contestants

Morgan Saxby, a research associate from Charlottesville, Virginia

Marv Peña, a video game lawyer from Redwood City, California

Karla Ruksys, an administrative assistant from Mount Ephraim, New Jersey (whose 1-day cash winnings total $30,000)

Jeopardy! Round responses

PRESIDENTIAL PASTIMES
REALITY TV
THE JAMES BEARD FOUNDATION
THE NOVEL'S FIRST DRAFT?
SOUNDS
HETERONYMS
    $200 1
fishing

Morgan
    $200 3
Dancing with the Stars

Karla
    $200 11
television

Marv
    $200 15
Pride and Prejudice

Morgan
    $200 21
a whistle

Morgan
    $200 26
sow

Morgan
    $400 2
a pool table

Marv
    $400 4
The Biggest Loser

Morgan
    $400 12
(Morgan: What is Manhattan?)
(Alex: No. more specific.)
(Morgan: Uh, what is the Lower East Side?)
(Alex: No.)

Greenwich Village

MarvMorgan
    $400 16
The Scarlet Letter

Morgan
    $400 22
a rebel yell

Karla
    $400 27
lead

Morgan
    $1,000 5
Aaron Burr

Morgan
    $600 8
Beauty and the Geek

Marv
    $600 13
a culinary school

Marv
    $600 17
Catcher in the Rye

Marv
    $600 23
"clang clang clang"

Marv
    $600 28
project

Triple Stumper
    $800 6
the saxophone

Karla
    $800 9
the Kardashians

Karla
    $800 14
a sommelier

Morgan
    $800 19
Of Mice and Men

Morgan
    $800 24
ding!

Marv
    $800 29
permit

Karla
    $1000 7
(Morgan: Who is FDR?)

Andrew Jackson

KarlaMorgan
    $1000 10
Sanjaya

Marv
    $1000 18
Wolfgang Puck

Marv
    $1000 20
Lord of the Flies

Morgan
    $1000 25
a ping

Marv
    $1000 30
primer

Karla

Scores at the first commercial break (after clue 15):

Karla Marv Morgan
$2,800 $3,200 $1,200

Scores at the end of the Jeopardy! Round:

Karla Marv Morgan
$5,000 $7,200 $4,200

Double Jeopardy! Round responses

CLASSICAL COMPOSERS
HOMAGES TO STAR WARS
GET OUTTA TOWN!
THE TUDORS
(Alex: Season 4 premieres this Sunday on Showtime.)
GREAT MEN OF MEDICINE
WE GOT THE "BEA"
    $400 1
(Johann Sebastian) Bach

Morgan
    $400 21
Back to the Future

Morgan
    $400 16
Pompeii

Morgan
    $400 20
Jonathan Rhys Meyers

Marv
    $400 4
(Benjamin) Spock

Morgan
    $400 11
a beanbag chair

Morgan
    $800 2
Chopin

Karla
    $800 22
Indiana Jones and the Temple of Doom

Marv
    $7,000 17
an avalanche

Morgan
    $800 27
(Morgan: Who is Henry IX?)

Edward VI

Morgan
Triple Stumper
    $800 7
(Albert) Sabin

Karla
    $800 12
beaches

Morgan
    $1,200 3
(Karla: Who is Sibelius?)
(Alex: No. Fjords are in Norway--and the great Norwegian composer is [*].)

Edvard Grieg

Karla
    $1200 23
Spaceballs

Morgan
    $1200 18
Halifax

Morgan
    $1200 28
(Catherine) Howard

Morgan
    $1200 8
Christiaan Barnard

Karla
    $1200 13
beaming

Morgan
    $1600 5
Saint-Saëns

Morgan
    $1600 24
Strike Back

Marv
    $1600 19
Johnstown

Morgan
    $1600 29
Joely Richardson

Karla
    $1600 9
(William) Harvey

Morgan
    $1600 14
a beacon

Morgan
    $2000 6
Khachaturian

Karla
    $2000 25
Hardware Wars

Triple Stumper
    $2000 26
Carthage

Karla
    $2000 30
(Alex: What has a fringe on top? The [*]).

Surrey

Triple Stumper
    $2000 10
Menninger

Karla
    $2000 15
(Alex: You keep ringing in and coming up with the correct responses on those $2,000 clues, and as a result, you're still in the lead.)

a beaker

Karla

Scores at the end of the Double Jeopardy! Round:

Karla Marv Morgan
$16,200 $10,000 $24,400

[wagering suggestions for these scores]

Final Jeopardy! Round responses

PORTRAIT SUBJECTS
MarvWho is Nelson?
$6,500
KarlaWho was Wellington?
$8,300
MorganWho is Wellington?
$8,001
the Duke of Wellington

Final scores:

Karla Marv Morgan
$24,500 $3,500 $32,401
2nd place: $2,000 3rd place: $1,000 New champion: $32,401

Game dynamics:

Coryat scores:

Karla Marv Morgan
$17,400 $10,000 $17,800
15 R,
1 W
(including 1 DD)
14 R,
0 W
26 R
(including 2 DDs),
3 W

Combined Coryat: $45,200

The J! Archive is created by fans, for fans. The Jeopardy! game show and all elements thereof, including but not limited to copyright and trademark thereto, are the property of Jeopardy Productions, Inc. and are protected under law. This website is not affiliated with, sponsored by, or operated by Jeopardy Productions, Inc. Join the discussion at JBoard.tv.